Welcome to CU Library Online Public Access Catalogue (OPAC)

International Economics Theory and Policy (Record no. 2478)

MARC details
000 -LEADER
fixed length control field 00632nam a22002057a 4500
005 - DATE AND TIME OF LATEST TRANSACTION
control field 20250109093253.0
008 - FIXED-LENGTH DATA ELEMENTS--GENERAL INFORMATION
fixed length control field 250109b |||||||| |||| 00| 0 eng d
020 ## - INTERNATIONAL STANDARD BOOK NUMBER
International Standard Book Number 9781292214870
050 ## - LIBRARY OF CONGRESS CALL NUMBER
Classification number HF1359
Item number .K78 KRU
100 ## - MAIN ENTRY--PERSONAL NAME
Personal name Krugman Paul R.
245 ## - TITLE STATEMENT
Title International Economics Theory and Policy
Statement of responsibility, etc. Paul R. Krugman, Maurice Obstfeld and Marc J. Melitz
250 ## - EDITION STATEMENT
Edition statement 11h Ed.
260 ## - PUBLICATION, DISTRIBUTION, ETC.
Place of publication, distribution, etc. London
Name of publisher, distributor, etc. Pearson Education Limited
Date of publication, distribution, etc. 2018
300 ## - PHYSICAL DESCRIPTION
Extent 800p.
Other physical details ill. col.
Dimensions 25.5 cm x 20.5 cm
500 ## - GENERAL NOTE
General note Index Number
650 ## - SUBJECT ADDED ENTRY--TOPICAL TERM
Source of heading or term Economics
700 ## - ADDED ENTRY--PERSONAL NAME
Personal name Obstfeld Maurice
700 ## - ADDED ENTRY--PERSONAL NAME
Personal name Melitz Marc J.
942 ## - ADDED ENTRY ELEMENTS (KOHA)
Source of classification or shelving scheme Library of Congress Classification
Koha item type Books
Edition 11th Ed.
Suppress in OPAC No
999 ## -
-- 2478
-- 2478
Holdings
Withdrawn status Lost status Source of classification or shelving scheme Damaged status Not for loan Collection Home library Current library Shelving location Date acquired Total checkouts Full call number Barcode Date last seen Copy number Price effective from Koha item type
    Library of Congress Classification     Non-fiction Business Library (Miotso) Business Library (Miotso) General stacks 01/09/2025   HF1359 .K78 KRU BSSM00000375 01/09/2025 1 01/09/2025 Books
    Library of Congress Classification       Graduate Library (Christ Temple) Graduate Library (Christ Temple) General stacks 12/10/2025   HF 1411.K74 KRU gsct00001920 12/10/2025 1 12/10/2025 Books
© 2023-2024 Copyright: Central University Libraries. All Rights Reserved | Created by: Mahone Tech Office